00677nam a2200205Ia 4500003000400000008004100004020002600045040000800071100002700079245006700106260003700173300001000210365001100220901002100231902004300252903005800295942001200353952008900365999001700454LDD181029s9999 xx 000 0 und d a9788175332287c795.00 cLDD aTiwary, Chandra Sekhar 0aReligionbAn obstacle to human progresscChandra Sekhar Tiwary aNew DelhibMD Publicationsc2009 a287p, b795.00 a5442b11-12-2009 aSBS/557/D/09b30-12-2009cFdSBSeCBCI aDiscount-15bReqst by : Gracious Thomas  2ddccBK 00102ddc4070988527aLDDbLDDl0o201.1 T543Rp071862r2018-11-01w2018-11-01yBK c88528d88528